000
00273nam a2200109Ia 4500
008
220204s9999 xx 000 0 und d
082
_a
294.118
_b
MAM
100
_a
Subramaniam, Kamala
245
0
_a
Mahabharata
260
_a
Bombay
_b
Bharatiya Vidya Bhavan
_c
1977
942
_c
BK
999
_c
35283
_d
35283